| 000 | 00697nam a2200217 a 4500 | ||
|---|---|---|---|
| 001 | 000047834 | ||
| 003 | DO-SdBNP | ||
| 005 | 20250409145320.0 | ||
| 008 | 100721s2002 it 000 0 spa d | ||
| 040 |
_aDO-SdBNP _bspa _cBNPHU |
||
| 082 |
_a398.961 _bG633r |
||
| 100 | 1 |
_aGómez, Raquel G. _918987 |
|
| 245 | 1 | 0 |
_aRefranero dominicano / _cRaquel G. Gómez. |
| 260 |
_aSanto Domingo : _bEditora Corripio, _c2002. |
||
| 300 |
_a264 p. ; _c23 cm. |
||
| 500 | _aIncluye referencias bibliográficas y notas al pie de las páginas | ||
| 590 | 1 | _aInventariado, 2018/VM | |
| 650 | 4 |
_aProverbios y refranes dominicanos _918876 |
|
| 650 | 0 |
_aFolclore _zRepública Dominicana _933448 |
|
| 942 |
_2ddc _cLBS1 |
||
| 999 |
_c47322 _d47322 |
||